Science Quiz

Random Science or Letter Quiz
Score 0/21 Timer 05:00
2 Plays Today
Hint Answer % Correct
Which large mammal with a prehensile trunk and ivory tusks is native to Africa and southern Asia?Elephant
92.5%
Which large flightless fast-running Australian bird resembles the ostrich?Emu
91.8%
Which large bird of prey with a hooked bill and long broad wings is known for its keen sight?Eagle
86.6%
What name is given to the tallest and heaviest of all living penguin species?Emperor penguin
85.5%
Which term relates to a plant that retains green leaves throughout the year?Evergreen
84.3%
Which large antler bearing deer of North America is also known as a wapiti?Elk
82.5%
Which fruit widely used in cooking is also known as an aubergine?Eggplant
77.7%
The genus Ulmus relates to which tree?Elm
75.4%
Which insect is a pest whose name begins with the word for the organ of hearing?Earwig
74.7%
Which tube-shaped worm is commonly found living in soil and feeds on live and dead organic matter?Earthworm
73.4%
What is the collective name for a biological community of interacting organisms and their environment?Ecosystem
67.5%
Hint Answer % Correct
What is the process by which certain whales, dolphins, and bats find objects through reflected sound?Echolocation
66.9%
What is the hard outer layer of the biological structure containing a developing embryo or chick within?Eggshell
64.9%
Which tree common to Australia is often called the 'gum tree'?Eucalyptus
63.2%
Which tree has large drooping bunches of purplish-black juicy berries often used to make wine?Elder
62.3%
Which Arctic breed of sled-pulling working dog is known as the Canadian or American '......' dog?Eskimo
60.5%
Which normally-white heron grows long, graceful plumes during the breeding season?Egret
60.4%
Which Australian egg-laying mammal is also known as the spiny anteater?Echidna
51.3%
What name is given to a stoat in winter, especially when in its white winter coat?Ermine
48.8%
What is a bitter-tasting, green, and leafy vegetable, often of the Belgian variety, used in salads?Endive
48.1%
The feathers of which large sea-duck are often used to fill pillows and quilts?Eider
44.5%

You're not logged in!

Compare scores with friends on all Sporcle quizzes.
OR
Log In

Sporcle TV

Today on Sporcle TV


Watch our educational content, quiz creation guides, and fun videos on Sporcle TV.

Show Comments

Extras

Top Quizzes Today


Score Distribution

Your Account Isn't Verified!

In order to create a playlist on Sporcle, you need to verify the email address you used during registration. Go to your Sporcle Settings to finish the process.

Report this User

Report this user for behavior that violates our Community Guidelines.

Details: